000
00332nam a22001337a 4500
008
171012b xxu||||| |||| 00| 0 eng d
020
_a
9780131703476
041
_a
eng
080
_a
316
100
_a
50
101
_a
SOC
245
_a
CRITICAL THINKINKING LEARN THE TOOLL BEST THINKERS USE
_c
PAUL.R
942
_2
udc
_c
BK
999
_c
33332
_d
33332